Personnages d'Hazbin Hotel mal décrits - Statistiques

Statistiques générales
  • Ce quiz a été pris 562 fois
  • Le résultat moyen est 16 sur 19
Statistiques - réponses
Hint Réponse % Correct
Vaut mieux pas le contredire, ni lui déchirer un bout de sa veste non plus. Alastor
96%
Par contre lui mérite vraiment pas sa place au Paradis. Adam
95%
Honnêtement, j'pense pas qu'elle mérite sa place en Enfer. Charlie
95%
Elle bronze pendant que c'est la merde en bas. Lilith
93%
Elle a tué des gens et elle veut maintenant les sauver ? Vaggie
93%
En gros, il est pas très très farouche d'un point de vue sexuel. Angel Dust
91%
C'est con qu'il ait vendu son âme à cause d'une partie de jeu de hasard. Husk
91%
On pourra pas lui faire la tête au carré, bah parce qu'il l'a déjà. Vox
91%
Il est tombé de haut. Lucifer
90%
Elle est creepy la femme de ménage mais efficace ! Niffty
90%
La pauvre, c'est surement la seule au Paradis qui veut faire changer les choses. Emily
87%
Conseil : Si vous êtes en relation amoureuse avec lui, arrêtez pour votre bien. Valentino
86%
Un nullos qui fait plus pitié que peur lorsqu'il attaque quiconque. Sir Pentious
83%
Une petite peste qui se croit tout permis et qui ne respecte pas les anciens. Velvette
81%
Bon ben elle n'aura pas de chocolat ! Lute
79%
Perso j'aimerai pas l'avoir comme femme, surtout si elle me trouve à croquer. Rosie
76%
Elle vient se cacher sous tes jupons lorsqu'elle a besoin de protection puis se barre. Mimzy
71%
C'est un comble pour elle de ne pas vouloir se battre. Carmilla
65%
Un papy qui se chie dessus à l'idée d'affronter les exorcistes. Zestial
63%
Aucun quiz correspondant
Distribution des résultats
% des personnes avec chaque résultat
Percentile par nombre de réponses
Votre historique - résultats
Vous n’avez pas pris ce quiz